Religion in Germany - Statistics

General Stats
  • This quiz has been taken 69 times
  • The average score is 3 of 8
Answer Stats
Percentage Religion % Correct
5.2% Islam
93%
0.1% Judaism
62%
1.3% Orthodox
41%
27.9% No Religion
36%
31.2% Catholic Church
29%
2.6% Other Christians
16%
30.8% Evangelical Church
7%
0.9% Evangelical Free Churches
2%
No matching quizzes found
Score Distribution
Percent of People with Each Score
Percentile by Number Answered
Your Score History
You have not taken this quiz